| 000 | 00690nam a2200217Ia 4500 | ||
|---|---|---|---|
| 008 | 170504s9999 xx 000 0 und d | ||
| 050 | _aHF 5415 | ||
| 050 | _b.N499 2016 | ||
| 100 | _aNevalga, Ross Ivo Espina. | ||
| 245 | _aEvaluation of the quality of customer service of presto pacific hardware : | ||
| 245 | _bas a basis for the development of marketing recommendation / | ||
| 245 | _cRoss Ivo Espina Nevalga. | ||
| 260 | _aLas PiƱas, Philippines : | ||
| 260 | _bSISC, | ||
| 260 | _c2016. | ||
| 300 | _a42 pages : | ||
| 300 | _billustrations ; | ||
| 300 | _c28 cm. | ||
| 500 | _aIncludes bibliographical references and appendices. | ||
| 521 | _aBusiness Administration | ||
| 999 |
_c329786 _d329786 |
||